| 000 | 01400nam a22002411 4500 | ||
|---|---|---|---|
| 001 | 114550 | ||
| 003 | ES-MaACL | ||
| 005 | 20240523063034.0 | ||
| 007 | t| | ||
| 008 | 070308s1932 sp ||||0| spa d | ||
| 016 | 7 | _zIND9600733968 | |
| 040 |
_aM-BN _bspa _cCDM |
||
| 100 | 1 |
_aQuevedo, Francisco de, _d1580-1645 _994591 |
|
| 245 | 1 | 0 |
_aObras completas de Don Francisco de Quevedo / _ctextos genuinos del autor, descubiertos, clasificados y anotados por Luis Astrana Marín. |
| 250 | _aEd. crítica. | ||
| 260 |
_aMadrid : _bAguilar, _c1932. |
||
| 300 |
_a2 v., 2 lám ; _c19 cm. |
||
| 500 | _aLas lám. retratos de Quevedo. | ||
| 505 | 8 | _aContiene: Vol. 1. Obras en prosa: Obras festivas - Novela: Historia de la vida del Buscón llamado Don Pablos - Obras satírico morales: Sueños y discursos - Fantasías morales - Obras políticas - Obras crítico-literarias - Obras filosóficas - Traducciones en prosa - Epitafios - Escritos varios - ASdvertencias y elogios en libros ajenos - Censuras y aprobaciones - Apuntes particulares y observaciones raras a todo género de autores - Epistolario -- Vol. 2. Obras en verso: Poesías - Teatro: Diálogos - Bailes - Loas - Entremeses - Comedias - Traducciones en verso con disertaciones y comentarios - Parte crítica. | |
| 700 | 1 |
_aAstrana Marín, Luis. _923693 |
|
| 852 |
_aES-MaACL _jF-15131-2 _bR.18966 |
||
| 999 |
_c114550 _d114550 |
||